000 00895nam a22003017a 4500
001 BR8403191
003 BR-BrBNA
005 20230928091935.0
007 ta
008 230509b bl.||||| |||| 00| 0 por d
040 _aBR-BrBNA
_bpor
_cBiblioteca Nacional de Agricultura
041 _a(Por)
072 _aF70; F40
_b/G514
090 _ F70 BR8403191
100 1 _aGoes Filho, L.
110 1 _aAssociacao Brasileira de Carvao Vegetal, Belo Horizonte, MG
111 1 _aLenha e Carvao Vegetal Energeticos Renovaveis
_cSalvador, BA (Brazil)
_d15-17 Aug 1984
245 1 _aA cobertura vegetal do estado da Bahia [Brasil]
260 3 _aSalvador, BA (Brasil):
_c1984.
300 _a13 p.
650 _aECOLOGIA VEGETAL
650 _aZONEAMENTO FLORESTAL
650 _aVEGETACAO
650 _aMEIO AMBIENTE
650 _aBAHIA
909 _a202309
_bLucia
_c55
_dLucia Elande
942 _cBK
999 _c36311
_d36311